000 00672nam a2200193 i 4500
001 9453
003 ES-MaACL
005 20230906145656.0
007 t|
008 930909s1991 sp ||||1| spa d
020 _a84-7474-599-3
080 _a338.45(46)
245 0 0 _aInforme sobre la industria española, 1990 /
_cMinisterio de Industria, Comercio y Turismo, Secretaría General Técnica.
260 _aMadrid :
_bMinisterio de Industria, Comercio y Turismo,
_cD.L. 1991.
300 _aX, 516 p. ;
_c28 cm.
650 1 4 _aIndustria-
_zEspaña.
_913715
710 1 _aEspaña.
_bMinisterio de Industria, Comercio y Turismo.
_93879
852 _aES-MaACL
_jL-16998
_bR.121324
999 _c9453
_d9453